000 00662nam a22002057a 4500
005 20100806104449.0
010 _aENG-98433
020 _c120.00
_a9788190733809
035 _aEN-81966
037 _bDBAD/PUB
082 _a530
100 _aAnandan, S.
_97529
245 _aEngineering physics /
_cby S. Anandan
260 _aChennai
_bSams Publishers
_c2008
270 _aFlat No. 10, Annapoorana Flats, No. 3/4, 17th, Street
_bChennai
_k600061
300 _averious pegings
_c22 cm. (Pbk)
700 _97380
942 _2ddc
_cEN
_h530
_mANA
999 _c39684
_d39684